Ecology and society :an introduction / (Record no. 185765)
[ view plain ]
| 000 -LEADER | |
|---|---|
| fixed length control field | 00967 a2200241 4500 |
| 003 - CONTROL NUMBER IDENTIFIER | |
| control field | NUST |
| 005 - DATE AND TIME OF LATEST TRANSACTION | |
| control field | 20221230185340.0 |
| 010 ## - LIBRARY OF CONGRESS CONTROL NUMBER | |
| LC control number | 94017027 |
| 020 ## - INTERNATIONAL STANDARD BOOK NUMBER | |
| International Standard Book Number | 0870239457 (cloth) |
| 020 ## - INTERNATIONAL STANDARD BOOK NUMBER | |
| International Standard Book Number | 0870239465 (pbk.) |
| 040 ## - CATALOGING SOURCE | |
| Transcribing agency | Nust |
| 082 00 - DEWEY DECIMAL CLASSIFICATION NUMBER | |
| Classification number | 363.7,MAR |
| 100 1# - MAIN ENTRY--PERSONAL NAME | |
| Personal name | Martell, Luke. |
| 9 (RLIN) | 106550 |
| 245 10 - TITLE STATEMENT | |
| Title | Ecology and society :an introduction / |
| Statement of responsibility, etc. | Luke Martell. |
| 260 ## - PUBLICATION, DISTRIBUTION, ETC. | |
| Place of publication, distribution, etc. | Amherst : |
| Name of publisher, distributor, etc. | University of Massachusetts Press, |
| Date of publication, distribution, etc. | 1994. |
| 300 ## - PHYSICAL DESCRIPTION | |
| Extent | 232 p. ; |
| Dimensions | 23 cm. |
| 505 ## - FORMATTED CONTENTS NOTE | |
| Formatted contents note | Introduction (Page-1), Ecology and Industrialism (Page-15), The Sustainable Society (Page-47), Green Philosophy (Page-77), The Green Movement (Page-108), Ecology and Political Theory (Page-138), Rethinking Relations between Society and Nature (Page-164), The Future of Environmentalism (Page-184). |
| 650 #0 - SUBJECT ADDED ENTRY--TOPICAL TERM | |
| Topical term or geographic name entry element | Environmental policy. |
| 650 #0 - SUBJECT ADDED ENTRY--TOPICAL TERM | |
| Topical term or geographic name entry element | Environmentalism. |
| 9 (RLIN) | 102098 |
| 650 #0 - SUBJECT ADDED ENTRY--TOPICAL TERM | |
| Topical term or geographic name entry element | Green movement. |
| 9 (RLIN) | 106551 |
| 650 #0 - SUBJECT ADDED ENTRY--TOPICAL TERM | |
| Topical term or geographic name entry element | Social ecology. |
| 9 (RLIN) | 106552 |
| 942 ## - ADDED ENTRY ELEMENTS (KOHA) | |
| Source of classification or shelving scheme | |
| Koha item type | Book |
| Call number prefix | 363.7,MAR |
| Withdrawn status | Lost status | Source of classification or shelving scheme | Damaged status | Not for loan | Permanent Location | Current Location | Shelving location | Date acquired | Full call number | Barcode | Date last seen | Price effective from | Koha item type | Public note |
|---|---|---|---|---|---|---|---|---|---|---|---|---|---|---|
| Military College of Signals (MCS) | Military College of Signals (MCS) | General Stacks | 12/12/2016 | 363.7,MAR | MCS3315 | 12/08/2016 | 12/12/2016 | Book | Almirah No.54, Shelf No.1 |
